[Event "April 9 Early 2024"]
[Site "Chess.com"]
[Date "2024.04.10"]
[Round "5"]
[White "Valtiner, Adamo"]
[Black "Bynum, Jacorey"]
[Result "0-1"]
[Board "219"]
[WhiteFideId "1647962"]
[BlackFideId "39927644"]
[WhiteTitle "CM"]
[WhiteElo "2192"]
[BlackElo "2401"]
[WhiteTeam "AUT"]
[BlackTeam "USA"]
[WhiteClock "0:00:25"]
[BlackClock "0:00:07"]
[Variant "Standard"]

1. Nf3 {[%clk 0:01:54]}  d5 {[%clk 0:02:59]} 2. g3 {[%clk 0:01:55]}  g6 {[%clk 0:02:59]} 3. Bg2 {[%clk 0:01:56]}  Bg7 {[%clk 0:02:59]} 4. O-O {[%clk 0:01:57]}  e5 {[%clk 0:02:59]} 5. d4 {[%clk 0:01:57]}  e4 {[%clk 0:02:59]} 6. Nfd2 {[%clk 0:01:57]}  Ne7 {[%clk 0:02:59]} 7. e3 {[%clk 0:01:56]}  O-O {[%clk 0:02:59]} 8. c4 {[%clk 0:01:57]}  c6 {[%clk 0:02:55]} 9. Nc3 {[%clk 0:01:58]}  Be6 {[%clk 0:02:43]} 10. b4 {[%clk 0:01:56]}  f5 {[%clk 0:02:22]} 11. c5 {[%clk 0:01:47]}  b6 {[%clk 0:02:10]} 12. a4 {[%clk 0:01:40]}  bxc5 {[%clk 0:02:09]} 13. bxc5 {[%clk 0:01:37]}  Nd7 {[%clk 0:01:59]} 14. a5 {[%clk 0:01:31]}  Rb8 {[%clk 0:01:55]} 15. Re1 {[%clk 0:01:29]}  Qc7 {[%clk 0:01:37]} 16. f4 {[%clk 0:01:28]}  Nf6 {[%clk 0:01:24]} 17. h3 {[%clk 0:01:27]}  h6 {[%clk 0:01:23]} 18. Ra4 {[%clk 0:01:15]}  g5 {[%clk 0:01:19]} 19. Ba3 {[%clk 0:01:14]}  gxf4 {[%clk 0:01:11]} 20. gxf4 {[%clk 0:01:15]}  Kh7 {[%clk 0:01:10]} 21. Kh2 {[%clk 0:01:15]}  Rg8 {[%clk 0:01:10]} 22. Rg1 {[%clk 0:01:15]}  Bf7 {[%clk 0:01:07]} 23. Bf1 {[%clk 0:01:12]}  Bf8 {[%clk 0:01:00]} 24. Be2 {[%clk 0:01:12]}  Rxg1 {[%clk 0:00:58]} 25. Kxg1 {[%clk 0:01:13]}  Ng6 {[%clk 0:00:56]} 26. Qe1 {[%clk 0:01:12]}  Be7 {[%clk 0:00:50]} 27. Nf1 {[%clk 0:01:11]}  Rg8 {[%clk 0:00:44]} 28. Kh2 {[%clk 0:01:10]}  Nxf4 {[%clk 0:00:35]} 29. exf4 {[%clk 0:01:07]}  Qxf4+ {[%clk 0:00:36]} 30. Kh1 {[%clk 0:01:07]}  Bh5 {[%clk 0:00:34]} 31. Bxh5 {[%clk 0:01:04]}  Nxh5 {[%clk 0:00:34]} 32. Qe2 {[%clk 0:00:54]}  Ng3+ {[%clk 0:00:27]} 33. Nxg3 {[%clk 0:00:53]}  Rxg3 {[%clk 0:00:28]} 34. Bc1 {[%clk 0:00:32]}  Rxh3+ {[%clk 0:00:20]} 35. Kg2 {[%clk 0:00:29]}  Rh2+ {[%clk 0:00:17]} 36. Kg1 {[%clk 0:00:28]}  Qg3+ {[%clk 0:00:07]} 37. Kf1 {[%clk 0:00:25]}  Rh1# {[%clk 0:00:07]} 0-1

[Event "April 9 Early 2024"]
[Site "Chess.com"]
[Date "2024.04.09"]
[Round "5"]
[White "Ho, In Hei Henry"]
[Black "Merino Garcia, Rafael II"]
[Result "0-1"]
[Board "221"]
[WhiteFideId "6002552"]
[BlackFideId "2209128"]
[WhiteTitle "FM"]
[BlackTitle "FM"]
[WhiteElo "2159"]
[BlackElo "2398"]
[WhiteTeam "HKG"]
[BlackTeam "ESP"]
[WhiteClock "0:00:12"]
[BlackClock "0:00:56"]
[Variant "Standard"]

1. d4 {[%clk 0:03:00]}  Nf6 {[%clk 0:02:56]} 2. c4 {[%clk 0:03:01]}  e6 {[%clk 0:02:56]} 3. Nf3 {[%clk 0:03:02]}  Bb4+ {[%clk 0:02:55]} 4. Bd2 {[%clk 0:03:01]}  Qe7 {[%clk 0:02:56]} 5. a3 {[%clk 0:03:00]}  Bxd2+ {[%clk 0:02:55]} 6. Qxd2 {[%clk 0:03:01]}  d6 {[%clk 0:02:55]} 7. Nc3 {[%clk 0:03:01]}  e5 {[%clk 0:02:55]} 8. d5 {[%clk 0:02:55]}  a5 {[%clk 0:02:54]} 9. e4 {[%clk 0:02:55]}  Na6 {[%clk 0:02:52]} 10. Bd3 {[%clk 0:02:49]}  Nc5 {[%clk 0:02:52]} 11. Bc2 {[%clk 0:02:47]}  a4 {[%clk 0:02:51]} 12. O-O {[%clk 0:02:46]}  Bd7 {[%clk 0:02:51]} 13. h3 {[%clk 0:02:33]}  O-O {[%clk 0:02:45]} 14. Ne1 {[%clk 0:02:11]}  Nh5 {[%clk 0:02:38]} 15. Nd3 {[%clk 0:02:08]}  Nxd3 {[%clk 0:02:38]} 16. Bxd3 {[%clk 0:02:07]}  Nf4 {[%clk 0:02:39]} 17. Ne2 {[%clk 0:02:03]}  Qg5 {[%clk 0:02:32]} 18. Nxf4 {[%clk 0:02:02]}  exf4 {[%clk 0:02:30]} 19. Kh2 {[%clk 0:01:59]}  Rfe8 {[%clk 0:02:28]} 20. f3 {[%clk 0:01:56]}  Qe5 {[%clk 0:02:26]} 21. Qb4 {[%clk 0:01:44]}  b6 {[%clk 0:02:26]} 22. b3 {[%clk 0:01:40]}  axb3 {[%clk 0:02:23]} 23. Qxb3 {[%clk 0:01:40]}  Qg5 {[%clk 0:02:19]} 24. Qb2 {[%clk 0:01:31]}  Qg3+ {[%clk 0:02:16]} 25. Kh1 {[%clk 0:01:31]}  Re5 {[%clk 0:02:17]} 26. Qf2 {[%clk 0:01:28]}  Qg6 {[%clk 0:02:16]} 27. Kh2 {[%clk 0:01:21]}  Rg5 {[%clk 0:02:14]} 28. Rg1 {[%clk 0:01:20]}  Rg3 {[%clk 0:02:14]} 29. a4 {[%clk 0:01:15]}  Qh5 {[%clk 0:02:14]} 30. Bf1 {[%clk 0:01:12]}  Qh4 {[%clk 0:02:12]} 31. Qc2 {[%clk 0:01:08]}  g5 {[%clk 0:02:02]} 32. a5 {[%clk 0:01:01]}  bxa5 {[%clk 0:01:52]} 33. e5 {[%clk 0:01:01]}  dxe5 {[%clk 0:01:49]} 34. c5 {[%clk 0:01:01]}  g4 {[%clk 0:01:48]} 35. fxg4 {[%clk 0:00:58]}  Bxg4 {[%clk 0:01:47]} 36. Qe4 {[%clk 0:00:49]}  Re3 {[%clk 0:01:42]} 37. Qc4 {[%clk 0:00:38]}  Qg3+ {[%clk 0:01:41]} 38. Kh1 {[%clk 0:00:37]}  Bh5 {[%clk 0:01:18]} 39. d6 {[%clk 0:00:37]}  f3 {[%clk 0:01:17]} 40. Qd5 {[%clk 0:00:32]}  Rf8 {[%clk 0:01:04]} 41. gxf3 {[%clk 0:00:32]}  Bxf3+ {[%clk 0:01:03]} 42. Qxf3 {[%clk 0:00:30]}  Rxf3 {[%clk 0:01:03]} 43. Rxg3+ {[%clk 0:00:28]}  Rxg3 {[%clk 0:01:04]} 44. Bg2 {[%clk 0:00:27]}  cxd6 {[%clk 0:01:02]} 45. cxd6 {[%clk 0:00:27]}  Rd3 {[%clk 0:01:02]} 46. Rxa5 {[%clk 0:00:25]}  Rxd6 {[%clk 0:01:00]} 47. Rxe5 {[%clk 0:00:26]}  Rd2 {[%clk 0:01:00]} 48. Rg5+ {[%clk 0:00:24]}  Kh8 {[%clk 0:00:58]} 49. Kh2 {[%clk 0:00:22]}  Rg8 {[%clk 0:00:58]} 50. Rxg8+ {[%clk 0:00:21]}  Kxg8 {[%clk 0:00:59]} 51. Kg3 {[%clk 0:00:21]}  Kg7 {[%clk 0:00:59]} 52. Bf3 {[%clk 0:00:21]}  f5 {[%clk 0:00:57]} 53. Kf4 {[%clk 0:00:21]}  Kf6 {[%clk 0:00:58]} 54. Bh5 {[%clk 0:00:19]}  Rd3 {[%clk 0:00:57]} 55. h4 {[%clk 0:00:12]}  Rh3 {[%clk 0:00:56]} 0-1

[Event "April 9 Early 2024"]
[Site "Chess.com"]
[Date "2024.04.09"]
[Round "5"]
[White "Pirvulescu, Ekaterina"]
[Black "Koridze, Lile"]
[Result "0-1"]
[Board "225"]
[WhiteFideId "13506374"]
[BlackFideId "13612514"]
[WhiteTitle "WFM"]
[BlackTitle "WFM"]
[WhiteElo "2142"]
[BlackElo "2368"]
[WhiteTeam "ROU"]
[BlackTeam "GEO"]
[WhiteClock "0:00:00"]
[BlackClock "0:01:22"]
[Variant "Standard"]

1. e4 {[%clk 0:02:53]}  c5 {[%clk 0:03:00]} 2. a3 {[%clk 0:02:52]}  d6 {[%clk 0:03:00]} 3. b4 {[%clk 0:02:52]}  cxb4 {[%clk 0:03:00]} 4. axb4 {[%clk 0:02:52]}  Nf6 {[%clk 0:02:59]} 5. Nc3 {[%clk 0:02:51]}  g6 {[%clk 0:02:59]} 6. g3 {[%clk 0:02:51]}  Bg7 {[%clk 0:03:00]} 7. Bg2 {[%clk 0:02:51]}  O-O {[%clk 0:03:00]} 8. Rb1 {[%clk 0:02:51]}  a6 {[%clk 0:03:00]} 9. Nge2 {[%clk 0:02:49]}  Nc6 {[%clk 0:02:57]} 10. O-O {[%clk 0:02:48]}  Rb8 {[%clk 0:02:55]} 11. d3 {[%clk 0:02:36]}  Be6 {[%clk 0:02:49]} 12. Bd2 {[%clk 0:02:35]}  d5 {[%clk 0:02:49]} 13. exd5 {[%clk 0:02:11]}  Nxd5 {[%clk 0:02:46]} 14. Ne4 {[%clk 0:02:09]}  Bg4 {[%clk 0:02:33]} 15. h3 {[%clk 0:02:04]}  Bxe2 {[%clk 0:02:27]} 16. Qxe2 {[%clk 0:02:04]}  Nd4 {[%clk 0:02:28]} 17. Qd1 {[%clk 0:02:03]}  Rc8 {[%clk 0:02:27]} 18. c3 {[%clk 0:01:55]}  Nb5 {[%clk 0:02:27]} 19. c4 {[%clk 0:01:53]}  Nbc3 {[%clk 0:02:26]} 20. Nxc3 {[%clk 0:01:50]}  Nxc3 {[%clk 0:02:26]} 21. Bxc3 {[%clk 0:01:49]}  Bxc3 {[%clk 0:02:27]} 22. Bxb7 {[%clk 0:01:39]}  Rb8 {[%clk 0:02:26]} 23. Bxa6 {[%clk 0:01:37]}  Bxb4 {[%clk 0:02:26]} 24. d4 {[%clk 0:01:28]}  Bd6 {[%clk 0:02:12]} 25. c5 {[%clk 0:01:24]}  Bc7 {[%clk 0:02:11]} 26. Rxb8 {[%clk 0:01:18]}  Qxb8 {[%clk 0:02:11]} 27. Qf3 {[%clk 0:00:43]}  Qb4 {[%clk 0:02:06]} 28. Rd1 {[%clk 0:00:39]}  Rd8 {[%clk 0:02:04]} 29. Qc6 {[%clk 0:00:37]}  Be5 {[%clk 0:01:56]} 30. d5 {[%clk 0:00:34]}  Qb3 {[%clk 0:01:54]} 31. Rd3 {[%clk 0:00:28]}  Qb1+ {[%clk 0:01:49]} 32. Kg2 {[%clk 0:00:27]}  Qe1 {[%clk 0:01:49]} 33. Re3 {[%clk 0:00:23]}  Qa1 {[%clk 0:01:49]} 34. Be2 {[%clk 0:00:20]}  Qd4 {[%clk 0:01:45]} 35. Bf3 {[%clk 0:00:19]}  Bf6 {[%clk 0:01:42]} 36. Qb5 {[%clk 0:00:17]}  Rc8 {[%clk 0:01:38]} 37. c6 {[%clk 0:00:17]}  Qa7 {[%clk 0:01:38]} 38. Qb7 {[%clk 0:00:16]}  Rc7 {[%clk 0:01:32]} 39. Qxa7 {[%clk 0:00:15]}  Rxa7 {[%clk 0:01:33]} 40. Rb3 {[%clk 0:00:15]}  Kg7 {[%clk 0:01:31]} 41. Rb7 {[%clk 0:00:15]}  Ra5 {[%clk 0:01:31]} 42. c7 {[%clk 0:00:13]}  Rc5 {[%clk 0:01:31]} 43. g4 {[%clk 0:00:10]}  Be5 {[%clk 0:01:31]} 44. Ra7 {[%clk 0:00:07]}  Bxc7 {[%clk 0:01:30]} 45. Rb7 {[%clk 0:00:07]}  Bd6 {[%clk 0:01:30]} 46. Ra7 {[%clk 0:00:05]}  Rc2 {[%clk 0:01:30]} 47. Ra6 {[%clk 0:00:03]}  Bc5 {[%clk 0:01:30]} 48. Kg3 {[%clk 0:00:03]}  Bxf2+ {[%clk 0:01:29]} 49. Kf4 {[%clk 0:00:03]}  h6 {[%clk 0:01:23]} 50. Ra4 {[%clk 0:00:00]}  Rc3 {[%clk 0:01:22]} 0-1

[Event "April 9 Early 2024"]
[Site "Chess.com"]
[Date "2024.04.09"]
[Round "5"]
[White "Lakshmi C"]
[Black "Hernandez Fernandez, Ramon A."]
[Result "0-1"]
[Board "226"]
[WhiteFideId "25035347"]
[BlackFideId "3503909"]
[WhiteTitle "WFM"]
[BlackTitle "FM"]
[WhiteElo "2027"]
[BlackElo "2360"]
[WhiteTeam "IND"]
[BlackTeam "CUB"]
[WhiteClock "0:00:00"]
[BlackClock "0:00:27"]
[Variant "Standard"]

1. f4 {[%clk 0:02:30]}  d5 {[%clk 0:02:59]} 2. Nf3 {[%clk 0:02:24]}  g6 {[%clk 0:02:57]} 3. g3 {[%clk 0:02:21]}  Bg7 {[%clk 0:02:57]} 4. Bg2 {[%clk 0:02:20]}  c5 {[%clk 0:02:57]} 5. O-O {[%clk 0:02:18]}  Nc6 {[%clk 0:02:57]} 6. Re1 {[%clk 0:02:15]}  e5 {[%clk 0:02:49]} 7. e4 {[%clk 0:02:12]}  d4 {[%clk 0:02:39]} 8. d3 {[%clk 0:02:07]}  Nge7 {[%clk 0:02:37]} 9. Nbd2 {[%clk 0:02:06]}  O-O {[%clk 0:02:37]} 10. Nc4 {[%clk 0:02:03]}  exf4 {[%clk 0:02:28]} 11. Bxf4 {[%clk 0:01:35]}  f5 {[%clk 0:02:29]} 12. a4 {[%clk 0:01:13]}  fxe4 {[%clk 0:02:17]} 13. dxe4 {[%clk 0:01:05]}  Bg4 {[%clk 0:02:14]} 14. h3 {[%clk 0:00:25]}  Be6 {[%clk 0:02:07]} 15. Qe2 {[%clk 0:00:19]}  h6 {[%clk 0:02:07]} 16. Bd6 {[%clk 0:00:16]}  b6 {[%clk 0:02:04]} 17. e5 {[%clk 0:00:13]}  Qd7 {[%clk 0:02:04]} 18. Nfd2 {[%clk 0:00:13]}  Bxh3 {[%clk 0:01:59]} 19. Bxe7 {[%clk 0:00:08]}  Nxe7 {[%clk 0:01:54]} 20. Bxa8 {[%clk 0:00:07]}  Rxa8 {[%clk 0:01:51]} 21. Qe4 {[%clk 0:00:07]}  Re8 {[%clk 0:01:44]} 22. e6 {[%clk 0:00:07]}  Qc7 {[%clk 0:01:38]} 23. Qf4 {[%clk 0:00:06]}  Qc6 {[%clk 0:01:34]} 24. Ne4 {[%clk 0:00:04]}  Qxe6 {[%clk 0:01:26]} 25. Ned6 {[%clk 0:00:03]}  Qd5 {[%clk 0:01:23]} 26. Qf2 {[%clk 0:00:02]}  Rf8 {[%clk 0:01:13]} 27. Qh2 {[%clk 0:00:02]}  Be6 {[%clk 0:01:02]} 28. Qe2 {[%clk 0:00:01]}  Bh3 {[%clk 0:00:56]} 29. Qh2 {[%clk 0:00:01]}  Be6 {[%clk 0:00:56]} 30. Qe2 {[%clk 0:00:02]}  Rf6 {[%clk 0:00:57]} 31. Qg2 {[%clk 0:00:00]}  Nc6 {[%clk 0:00:27]} 0-1

[Event "April 9 Early 2024"]
[Site "Chess.com"]
[Date "2024.04.09"]
[Round "5"]
[White "Matveeva, Olga"]
[Black "Tarnowska, Aleksandra"]
[Result "1-0"]
[Board "227"]
[WhiteFideId "24107018"]
[BlackFideId "1180967"]
[WhiteTitle "WIM"]
[BlackTitle "WCM"]
[WhiteElo "2357"]
[BlackElo "2137"]
[WhiteTeam "RUS"]
[BlackTeam "POL"]
[WhiteClock "0:00:14"]
[BlackClock "0:00:02"]
[Variant "Standard"]

1. d4 {[%clk 0:03:00]}  d5 {[%clk 0:02:55]} 2. c4 {[%clk 0:03:01]}  e6 {[%clk 0:02:50]} 3. Nf3 {[%clk 0:03:01]}  Nf6 {[%clk 0:02:49]} 4. g3 {[%clk 0:03:00]}  Bb4+ {[%clk 0:02:49]} 5. Bd2 {[%clk 0:02:59]}  Be7 {[%clk 0:02:47]} 6. Bg2 {[%clk 0:03:00]}  O-O {[%clk 0:02:47]} 7. O-O {[%clk 0:03:00]}  b6 {[%clk 0:02:48]} 8. cxd5 {[%clk 0:02:57]}  exd5 {[%clk 0:02:47]} 9. Nc3 {[%clk 0:02:54]}  Bb7 {[%clk 0:02:27]} 10. Qa4 {[%clk 0:02:53]}  Nbd7 {[%clk 0:02:26]} 11. Ne5 {[%clk 0:02:53]}  Nxe5 {[%clk 0:02:08]} 12. dxe5 {[%clk 0:02:54]}  Ne4 {[%clk 0:02:09]} 13. Nxe4 {[%clk 0:02:37]}  dxe4 {[%clk 0:02:09]} 14. Bc3 {[%clk 0:02:35]}  Qd5 {[%clk 0:01:59]} 15. Rfd1 {[%clk 0:02:35]}  Qc6 {[%clk 0:01:49]} 16. Qxc6 {[%clk 0:02:30]}  Bxc6 {[%clk 0:01:49]} 17. Rac1 {[%clk 0:02:30]}  Rad8 {[%clk 0:01:27]} 18. e3 {[%clk 0:02:10]}  Rxd1+ {[%clk 0:01:06]} 19. Rxd1 {[%clk 0:02:11]}  Rd8 {[%clk 0:01:06]} 20. Rd4 {[%clk 0:01:59]}  Rxd4 {[%clk 0:01:04]} 21. exd4 {[%clk 0:02:00]}  Bd5 {[%clk 0:00:58]} 22. Kf1 {[%clk 0:01:59]}  c5 {[%clk 0:00:45]} 23. Ke2 {[%clk 0:01:56]}  Bxa2 {[%clk 0:00:28]} 24. Bxe4 {[%clk 0:01:55]}  cxd4 {[%clk 0:00:28]} 25. Bxd4 {[%clk 0:01:54]}  Bc4+ {[%clk 0:00:29]} 26. Ke3 {[%clk 0:01:53]}  Bb4 {[%clk 0:00:25]} 27. f4 {[%clk 0:01:50]}  g6 {[%clk 0:00:25]} 28. g4 {[%clk 0:01:50]}  Kf8 {[%clk 0:00:24]} 29. f5 {[%clk 0:01:49]}  Ke7 {[%clk 0:00:19]} 30. Bb7 {[%clk 0:01:32]}  Bb3 {[%clk 0:00:13]} 31. Bc8 {[%clk 0:01:03]}  Bd1 {[%clk 0:00:10]} 32. h3 {[%clk 0:00:59]}  h5 {[%clk 0:00:07]} 33. gxh5 {[%clk 0:00:48]}  Bxh5 {[%clk 0:00:06]} 34. f6+ {[%clk 0:00:46]}  Kd8 {[%clk 0:00:05]} 35. Ba6 {[%clk 0:00:44]}  Bd1 {[%clk 0:00:03]} 36. Bc4 {[%clk 0:00:44]}  Ke8 {[%clk 0:00:03]} 37. Bb5+ {[%clk 0:00:37]}  Kd8 {[%clk 0:00:03]} 38. Ke4 {[%clk 0:00:34]}  Bc2+ {[%clk 0:00:03]} 39. Kd5 {[%clk 0:00:32]}  Bb3+ {[%clk 0:00:03]} 40. Kc6 {[%clk 0:00:32]}  Kc8 {[%clk 0:00:03]} 41. Ba6+ {[%clk 0:00:31]}  Kb8 {[%clk 0:00:03]} 42. e6 {[%clk 0:00:29]}  Ba4+ {[%clk 0:00:03]} 43. Kd5 {[%clk 0:00:28]}  Bb3+ {[%clk 0:00:03]} 44. Kc6 {[%clk 0:00:19]}  Ba4+ {[%clk 0:00:03]} 45. Kd5 {[%clk 0:00:18]}  Bb3+ {[%clk 0:00:04]} 46. Ke4 {[%clk 0:00:17]}  Bxe6 {[%clk 0:00:04]} 47. Be5+ {[%clk 0:00:17]}  Ka8 {[%clk 0:00:04]} 48. h4 {[%clk 0:00:17]}  Bc5 {[%clk 0:00:03]} 49. Kf4 {[%clk 0:00:14]}  Bb4 {[%clk 0:00:02]} 50. Kg5 {[%clk 0:00:15]}  Bd2+ {[%clk 0:00:02]} 51. Bf4 {[%clk 0:00:15]}  Bxf4+ {[%clk 0:00:02]} 52. Kxf4 {[%clk 0:00:16]}  Kb8 {[%clk 0:00:02]} 53. Ke5 {[%clk 0:00:15]}  Kc7 {[%clk 0:00:02]} 54. Bb5 {[%clk 0:00:13]}  Kb7 {[%clk 0:00:03]} 55. Be8 {[%clk 0:00:12]}  a5 {[%clk 0:00:02]} 56. Kd6 {[%clk 0:00:12]}  Ka6 {[%clk 0:00:02]} 57. Ke7 {[%clk 0:00:12]}  b5 {[%clk 0:00:02]} 58. Bxf7 {[%clk 0:00:12]}  Bf5 {[%clk 0:00:02]} 59. Be6 {[%clk 0:00:12]}  Bxe6 {[%clk 0:00:02]} 60. Kxe6 {[%clk 0:00:12]}  b4 {[%clk 0:00:02]} 61. f7 {[%clk 0:00:12]}  a4 {[%clk 0:00:02]} 62. f8=Q {[%clk 0:00:13]}  b3 {[%clk 0:00:02]} 63. Qa8+ {[%clk 0:00:13]}  Kb5 {[%clk 0:00:02]} 64. Kd5 {[%clk 0:00:14]}  Kb4 {[%clk 0:00:02]} 65. Qb7+ {[%clk 0:00:13]}  Ka5 {[%clk 0:00:02]} 66. Kc5 {[%clk 0:00:14]}  a3 {[%clk 0:00:02]} 67. Qb5# {[%clk 0:00:14]} 1-0

[Event "April 9 Early 2024"]
[Site "Chess.com"]
[Date "2024.04.09"]
[Round "5"]
[White "Cruz, William Ferreira Da"]
[Black "Halsagar Chincholimath"]
[Result "0-1"]
[Board "230"]
[WhiteFideId "2118050"]
[BlackFideId "5022487"]
[WhiteTitle "FM"]
[BlackTitle "CM"]
[WhiteElo "2354"]
[BlackElo "1982"]
[WhiteTeam "BRA"]
[BlackTeam "IND"]
[WhiteClock "0:00:00"]
[BlackClock "0:00:45"]
[Variant "Standard"]

1. d4 {[%clk 0:02:46]}  d5 {[%clk 0:02:58]} 2. c4 {[%clk 0:02:45]}  c6 {[%clk 0:02:58]} 3. Nc3 {[%clk 0:02:46]}  e5 {[%clk 0:02:55]} 4. Nf3 {[%clk 0:02:46]}  e4 {[%clk 0:02:55]} 5. Ne5 {[%clk 0:02:45]}  f6 {[%clk 0:02:51]} 6. cxd5 {[%clk 0:02:44]}  fxe5 {[%clk 0:02:50]} 7. dxe5 {[%clk 0:02:44]}  cxd5 {[%clk 0:02:47]} 8. Nxd5 {[%clk 0:02:41]}  Be6 {[%clk 0:02:38]} 9. Qa4+ {[%clk 0:02:37]}  Nc6 {[%clk 0:02:35]} 10. Nc3 {[%clk 0:02:32]}  Bb4 {[%clk 0:02:26]} 11. Bd2 {[%clk 0:02:27]}  Qa5 {[%clk 0:02:24]} 12. Qc2 {[%clk 0:02:22]}  Qxe5 {[%clk 0:02:13]} 13. a3 {[%clk 0:02:22]}  Ba5 {[%clk 0:01:54]} 14. e3 {[%clk 0:02:22]}  Nf6 {[%clk 0:01:50]} 15. b4 {[%clk 0:02:21]}  Bb6 {[%clk 0:01:44]} 16. Be2 {[%clk 0:02:10]}  O-O {[%clk 0:01:43]} 17. h3 {[%clk 0:02:08]}  Rac8 {[%clk 0:01:43]} 18. O-O {[%clk 0:02:07]}  Bc7 {[%clk 0:01:38]} 19. g3 {[%clk 0:01:59]}  Bxh3 {[%clk 0:01:38]} 20. Rfc1 {[%clk 0:01:59]}  Rce8 {[%clk 0:01:24]} 21. b5 {[%clk 0:01:55]}  Ne7 {[%clk 0:01:21]} 22. b6 {[%clk 0:01:53]}  axb6 {[%clk 0:01:15]} 23. Nb5 {[%clk 0:01:52]}  Bb8 {[%clk 0:01:13]} 24. Bc3 {[%clk 0:01:51]}  Qg5 {[%clk 0:01:11]} 25. Bc4+ {[%clk 0:01:48]}  Kh8 {[%clk 0:01:10]} 26. Be1 {[%clk 0:01:45]}  Nf5 {[%clk 0:01:04]} 27. Kh2 {[%clk 0:01:44]}  Qh5 {[%clk 0:01:03]} 28. Kg1 {[%clk 0:01:43]}  Bg4 {[%clk 0:01:01]} 29. Bf1 {[%clk 0:01:40]}  Bf3 {[%clk 0:00:55]} 30. Bg2 {[%clk 0:01:40]}  Ng4 {[%clk 0:00:53]} 31. Kf1 {[%clk 0:01:28]}  Bxg2+ {[%clk 0:00:51]} 32. Kxg2 {[%clk 0:01:27]}  Qh2+ {[%clk 0:00:49]} 33. Kf1 {[%clk 0:01:27]}  Nfxe3+ {[%clk 0:00:48]} 34. Ke2 {[%clk 0:01:27]}  Nxc2 {[%clk 0:00:48]} 35. Rxc2 {[%clk 0:01:28]}  Nxf2 {[%clk 0:00:48]} 36. Ke3 {[%clk 0:01:27]}  Ng4+ {[%clk 0:00:46]} 37. Kd4 {[%clk 0:00:00]}  Qxc2 {[%clk 0:00:45]} 0-1

[Event "April 9 Early 2024"]
[Site "Chess.com"]
[Date "2024.04.09"]
[Round "5"]
[White "Ebru Kaplan"]
[Black "Burmakin, Evgeniy"]
[Result "1-0"]
[Board "231"]
[WhiteFideId "6315194"]
[BlackFideId "4163729"]
[WhiteTitle "WCM"]
[BlackTitle "FM"]
[WhiteElo "1978"]
[BlackElo "2354"]
[WhiteTeam "TUR"]
[BlackTeam "RUS"]
[WhiteClock "0:00:03"]
[BlackClock "0:00:01"]
[Variant "Standard"]

1. d4 {[%clk 0:03:00]}  Nf6 {[%clk 0:02:59]} 2. c4 {[%clk 0:03:00]}  g6 {[%clk 0:02:59]} 3. Nc3 {[%clk 0:03:00]}  Bg7 {[%clk 0:03:00]} 4. e4 {[%clk 0:03:00]}  d6 {[%clk 0:03:00]} 5. Nf3 {[%clk 0:03:00]}  O-O {[%clk 0:03:00]} 6. Be2 {[%clk 0:03:00]}  e5 {[%clk 0:03:01]} 7. Be3 {[%clk 0:03:01]}  Ng4 {[%clk 0:02:58]} 8. Bg5 {[%clk 0:03:01]}  f6 {[%clk 0:02:58]} 9. Bh4 {[%clk 0:03:01]}  g5 {[%clk 0:02:26]} 10. Bg3 {[%clk 0:03:01]}  Nc6 {[%clk 0:02:20]} 11. d5 {[%clk 0:02:54]}  Ne7 {[%clk 0:02:17]} 12. Nd2 {[%clk 0:02:50]}  Nh6 {[%clk 0:02:15]} 13. O-O {[%clk 0:02:49]}  f5 {[%clk 0:02:12]} 14. f3 {[%clk 0:02:49]}  f4 {[%clk 0:02:03]} 15. Bf2 {[%clk 0:02:49]}  Ng6 {[%clk 0:02:03]} 16. c5 {[%clk 0:02:48]}  Nf7 {[%clk 0:02:01]} 17. Nc4 {[%clk 0:02:47]}  h5 {[%clk 0:01:48]} 18. Nb5 {[%clk 0:02:36]}  a6 {[%clk 0:01:45]} 19. Nc3 {[%clk 0:02:32]}  g4 {[%clk 0:01:08]} 20. fxg4 {[%clk 0:02:20]}  hxg4 {[%clk 0:00:57]} 21. Bxg4 {[%clk 0:02:19]}  Qg5 {[%clk 0:00:58]} 22. Be6 {[%clk 0:01:04]}  Bxe6 {[%clk 0:00:41]} 23. dxe6 {[%clk 0:01:04]}  Nh6 {[%clk 0:00:42]} 24. Kh1 {[%clk 0:00:51]}  Ng4 {[%clk 0:00:36]} 25. e7 {[%clk 0:00:20]}  Nxe7 {[%clk 0:00:28]} 26. cxd6 {[%clk 0:00:20]}  cxd6 {[%clk 0:00:26]} 27. Qxd6 {[%clk 0:00:16]}  Qh5 {[%clk 0:00:11]} 28. Bg1 {[%clk 0:00:10]}  Ng6 {[%clk 0:00:11]} 29. Nd5 {[%clk 0:00:04]}  Rad8 {[%clk 0:00:08]} 30. Qxg6 {[%clk 0:00:04]}  Qxg6 {[%clk 0:00:07]} 31. Ne7+ {[%clk 0:00:05]}  Kh7 {[%clk 0:00:08]} 32. Nxg6 {[%clk 0:00:05]}  Kxg6 {[%clk 0:00:09]} 33. h3 {[%clk 0:00:05]}  Nf6 {[%clk 0:00:08]} 34. Nxe5+ {[%clk 0:00:04]}  Kh7 {[%clk 0:00:07]} 35. Rxf4 {[%clk 0:00:04]}  Nh5 {[%clk 0:00:06]} 36. Rh4 {[%clk 0:00:04]}  Bxe5 {[%clk 0:00:03]} 37. Rxh5+ {[%clk 0:00:05]}  Kg6 {[%clk 0:00:04]} 38. Rxe5 {[%clk 0:00:05]}  Rd2 {[%clk 0:00:04]} 39. Be3 {[%clk 0:00:03]}  Rxb2 {[%clk 0:00:03]} 40. Rg5+ {[%clk 0:00:03]}  Kh7 {[%clk 0:00:02]} 41. Rd1 {[%clk 0:00:03]}  Re2 {[%clk 0:00:03]} 42. Rd7+ {[%clk 0:00:03]}  Kh6 {[%clk 0:00:02]} 43. Rg3+ {[%clk 0:00:03]}  Kh5 {[%clk 0:00:01]} 44. Rh7# {[%clk 0:00:03]} 1-0

[Event "April 9 Early 2024"]
[Site "Chess.com"]
[Date "2024.04.09"]
[Round "5"]
[White "Murthy, Pappu"]
[Black "Bashirli, Saadat"]
[Result "0-1"]
[Board "232"]
[WhiteFideId "2013401"]
[BlackFideId "13429990"]
[BlackTitle "WCM"]
[WhiteElo "1947"]
[BlackElo "2348"]
[WhiteTeam "USA"]
[BlackTeam "AZE"]
[WhiteClock "0:01:01"]
[BlackClock "0:02:05"]
[Variant "Standard"]

1. e4 {[%clk 0:02:49]}  c5 {[%clk 0:02:58]} 2. Nf3 {[%clk 0:02:48]}  Nc6 {[%clk 0:02:58]} 3. d4 {[%clk 0:02:49]}  cxd4 {[%clk 0:02:58]} 4. Nxd4 {[%clk 0:02:49]}  g6 {[%clk 0:02:59]} 5. c4 {[%clk 0:02:48]}  Nf6 {[%clk 0:02:58]} 6. Be3 {[%clk 0:02:48]}  Nxe4 {[%clk 0:02:56]} 7. Bd3 {[%clk 0:02:45]}  Nf6 {[%clk 0:02:54]} 8. h4 {[%clk 0:02:44]}  h5 {[%clk 0:02:53]} 9. f3 {[%clk 0:02:44]}  Bg7 {[%clk 0:02:53]} 10. Nc3 {[%clk 0:02:45]}  O-O {[%clk 0:02:51]} 11. Qd2 {[%clk 0:02:45]}  d5 {[%clk 0:02:50]} 12. c5 {[%clk 0:02:39]}  Nxd4 {[%clk 0:02:47]} 13. Bxd4 {[%clk 0:02:33]}  Re8 {[%clk 0:02:47]} 14. O-O-O {[%clk 0:02:26]}  e5 {[%clk 0:02:46]} 15. Bf2 {[%clk 0:02:12]}  Kh7 {[%clk 0:02:45]} 16. g4 {[%clk 0:02:02]}  e4 {[%clk 0:02:39]} 17. gxh5 {[%clk 0:01:53]}  exd3 {[%clk 0:02:33]} 18. hxg6+ {[%clk 0:01:50]}  fxg6 {[%clk 0:02:33]} 19. Rdg1 {[%clk 0:01:36]}  Bh6 {[%clk 0:02:31]} 20. f4 {[%clk 0:01:32]}  Ne4 {[%clk 0:02:25]} 21. Nxe4 {[%clk 0:01:26]}  Rxe4 {[%clk 0:02:24]} 22. Qxd3 {[%clk 0:01:21]}  Bxf4+ {[%clk 0:02:05]} 23. Kb1 {[%clk 0:01:01]}  Bf5 {[%clk 0:02:05]} 0-1